000 00407nam a22001697a 4500
005 20160615093651.0
008 160615b xxu||||| |||| 00| 0 eng d
020 _a81-203-2182-0
041 _aeng
082 _b7642
100 _aKapoor, Satishk & Kausal, Purva
_91945
245 _aBasics of distribution Management
260 _bPHI
_c2003
300 _a256
650 _aManagement
_9241
942 _cBK
999 _c2728
_d2727